Phương pháp nghiên cứu khoa học giáo dục Giáo trình đào tạo giáo viên Trung học cơ sở hệ Cao đẳng Sư phạm

Đã lưu trong:
Sonraí Bibleagrafaíochta
Príomhúdar: Phạm Viết Vượng
Formáid: Leabhar
Teanga:Undetermined
Foilsithe: Hà Nội Giáo Dục 1999
Ábhair:
Clibeanna: Cuir Clib Leis
Gan Chlibeanna, Bí ar an gcéad duine leis an taifead seo a chlibeáil!
Thư viện lưu trữ: Trung tâm Học liệu Trường Đại học Cần Thơ
LEADER 00776nam a2200229Ia 4500
001 CTU_34215
008 210402s9999 xx 000 0 und d
020 |b 5.600đ 
082 |a 370.7 
082 |b V561/1999 
100 |a Phạm Viết Vượng 
245 0 |a Phương pháp nghiên cứu khoa học giáo dục 
245 0 |b Giáo trình đào tạo giáo viên Trung học cơ sở hệ Cao đẳng Sư phạm 
245 0 |c Phạm Viết Vượng 
260 |a Hà Nội 
260 |b Giáo Dục 
260 |c 1999 
526 |a Phương pháp nghiên cứu khoa học giáo dục 
526 |b SG439 
650 |a education - research 
904 |i Minh, 991129 
980 |a Trung tâm Học liệu Trường Đại học Cần Thơ